The Brazilian puzzle = El rompecabezas brasileño /
Guardado en:
| Autor principal: | |
|---|---|
| Formato: | Desconocido |
| Lenguaje: | English |
| Publicado: |
New York :
Columbia University Press,
1995.
|
| Materias: | |
| Etiquetas: |
Agregar Etiqueta
Sin Etiquetas, Sea el primero en etiquetar este registro!
|
MARC
| LEADER | 000000000a22000000004500 | ||
|---|---|---|---|
| 001 | 013729 | ||
| 020 | |a 0231101155 | ||
| 041 | 0 | |a eng | |
| 082 | 0 | 4 | |a 305.8 |b H588b |
| 100 | 1 | |a Hess, David J. | |
| 245 | 1 | 4 | |a The Brazilian puzzle = |b El rompecabezas brasileño / |c David J. Hess. |
| 246 | 3 | 1 | |a El rompecabezas brasileño |
| 260 | 1 | |a New York : |b Columbia University Press, |c 1995. | |
| 300 | |a 306 páginas : |b mapa ; |c 24 cm. | ||
| 650 | 4 | |a CARACTERISTICAS NACIONALES | |
| 650 | 4 | |a BRASIL | |
| 650 | 4 | |a CULTURA POPULAR | |
| 650 | 4 | |a VIDA SOCIAL Y COSTUMBRES | |
| 500 | |a Colección George Yúdice | ||
| 999 | |c 19643 |d 19643 | ||
| 942 | |c BK |h 305.8 H588b |2 z | ||



